[Event "9th Open Metalis"]
[Site "Bizovac CRO"]
[Date "2002.02.22"]
[Round "4"]
[White "Vukic,M"]
[Black "Feletar,D"]
[Result "1/2-1/2"]
[WhiteElo "2500"]
[BlackElo "2469"]

1.Nf3 Nf6 2.g3 b6 3.Bg2 Bb7 4.O-O c5 5.c4 e6 6.Nc3 Be7 7.b3 O-O 8.Bb2 d5
9.e3 dxc4 10.bxc4 Nc6 11.Qe2 Qc7 12.Rfd1 a6 13.Rab1 Rab8 14.Ba1 Rfd8 15.d3 Ba8
16.Ne1 Na7 17.Bxa8 Rxa8 18.f4 Rab8 19.a4 Rb7 20.g4 Rdb8 21.g5  1/2-1/2

[Event "8th Hotel Opatija"]
[Site "Kastav CRO"]
[Date "2002.02.25"]
[Round "6"]
[White "Bistric,F"]
[Black "Milu,R"]
[Result "1/2-1/2"]
[WhiteElo "2486"]
[BlackElo "2447"]

1.Nf3 c5 2.c4 Nf6 3.g3 b6 4.Bg2 Bb7 5.O-O e6 6.Nc3 a6 7.Re1 Be7 8.e4 d6 9.d4 cxd4
10.Nxd4 Qc7 11.Be3 O-O 12.Rc1 Re8 13.g4 Bf8 14.g5 Nfd7 15.h4 Nc6 16.Nde2 Rac8
17.Ng3  1/2-1/2

[Event "Anibal Open"]
[Site "Linares ESP"]
[Date "2002.03.04"]
[Round "4"]
[White "Romanishin,O"]
[Black "Colovic,A"]
[Result "1-0"]
[WhiteElo "2576"]
[BlackElo "2364"]

1.Nf3 Nf6 2.c4 c5 3.g3 b6 4.Bg2 Bb7 5.O-O e6 6.Nc3 Be7 7.d4 cxd4 8.Qxd4 O-O
9.Rd1 Nc6 10.Qf4 Qb8 11.b3 Rd8 12.Bb2 d6 13.h3 a6 14.Qe3 Qa7 15.Rd2 b5 16.Qxa7 Nxa7
17.cxb5 Nxb5 18.Nxb5 axb5 19.Nd4 Rdb8 20.Rc2 b4 21.Bxb7 Rxb7 22.a4 bxa3 23.Rxa3 Re8
24.Nc6 Nd5 25.Ra7 Rxa7 26.Nxa7 f5 27.Ba3 Kf7 28.Nc8 Rd8 29.Rc6 Ke8 30.Bxd6 Bxd6
31.Nxd6+ Kd7 32.Nf7 Rb8 33.Ne5+ Ke7 34.Nd3 Rxb3 35.Rxe6+ Kf7 36.Re5 Ne7 37.Ra5 g6
38.Ra6 Rb5 39.Kg2 Kg7 40.h4 Rb7 41.Nc5 Rb2 42.Ne6+ Kf7 43.Ng5+ Kg7 44.Ra7 Rxe2
45.Kf1 Re5 46.f4 Re3 47.Kf2  1-0

[Event "Mediteran Cup WGM"]
[Site "Rijeka CRO"]
[Date "2002.03.15"]
[Round "8"]
[White "Pahor,A"]
[Black "Franciskovic,B"]
[Result "1/2-1/2"]
[WhiteElo "2011"]
[BlackElo "2050"]

1.Nf3 Nf6 2.c4 c5 3.g3 b6 4.Bg2 Bb7 5.O-O e6 6.Nc3 Be7 7.d4 cxd4 8.Qxd4 d6
9.b3 a6 10.Bb2 Nbd7 11.Rfe1  1/2-1/2

[Event "Mediteran Cup IM"]
[Site "Rijeka CRO"]
[Date "2002.03.16"]
[Round "9"]
[White "Vukic,M"]
[Black "Guidarelli,L"]
[Result "1/2-1/2"]
[WhiteElo "2500"]
[BlackElo "2283"]

1.Nf3 Nf6 2.g3 b6 3.Bg2 Bb7 4.O-O e6 5.c4 c5 6.Nc3 Be7 7.b3 O-O 8.Bb2 d6
9.d4 cxd4 10.Nxd4 Bxg2 11.Kxg2  1/2-1/2

[Event "57th ch-YUG"]
[Site "Banja Koviljaca YUG"]
[Date "2002.03.29"]
[Round "13"]
[White "Kosic,D"]
[Black "Pikula,D"]
[Result "1/2-1/2"]
[WhiteElo "2511"]
[BlackElo "2466"]

1.Nf3 Nf6 2.c4 c5 3.g3 b6 4.Bg2 Bb7 5.O-O e6 6.Nc3 a6 7.Re1 d6 8.e4 Nbd7
9.d3 Be7 10.a4 O-O 11.b3 Ne5 12.Bb2 Nfd7  1/2-1/2

[Event "FSGMA April"]
[Site "Budapest HUN"]
[Date "2002.04.03"]
[Round "2"]
[White "Flumbort,A"]
[Black "Czebe,A"]
[Result "1-0"]
[WhiteElo "2414"]
[BlackElo "2462"]

1.Nf3 e6 2.c4 b6 3.g3 Bb7 4.Bg2 c5 5.O-O Nf6 6.Nc3 Qc8 7.d4 cxd4 8.Qxd4 Nc6
9.Qf4 Ne7 10.b3 Ng6 11.Qd4 Bc5 12.Qd3 O-O 13.Bg5 d5 14.cxd5 Nxd5 15.Rfc1 Ba6
16.Nb5 h6 17.Bd2 Rd8 18.a4 Ndf4 19.Qc4 Nxg2 20.b4 Bb7 21.bxc5 Bxf3 22.exf3 N2h4
23.gxh4 Rxd2 24.h5 Ne5 25.Qf4 Rd5 26.cxb6 Qd8 27.b7 Rb8 28.Nxa7 Qb6 29.Rc8+ Kh7
30.Rxb8 Qxa7 31.Rc8 Qxb7 32.Rac1 Qb6 33.Qe4+ f5 34.Qe3 Qd6 35.R8c3 Qe7 36.f4 Ng4
37.Qg3 e5 38.h3 exf4 39.Qxf4 Nf6 40.Rc7 Qe8 41.Qf3 Qxa4 42.R7c5 Rxc5 43.Rxc5 f4
44.Qd3+ Qe4 45.Qxe4+ Nxe4 46.Rf5 Ng5 47.Kg2 Kg8 48.Rxf4 Nf7 49.Rf5 Kf8 50.Kg3 Ke7
51.Kf4 Nd6 52.Ra5 Ne8 53.Kf5  1-0

[Event "TCh-CZE 2001-2"]
[Site "CZE"]
[Date "2002.04.07"]
[Round "11"]
[White "Jirovsky,M"]
[Black "Simacek,P"]
[Result "1/2-1/2"]
[WhiteElo "2447"]
[BlackElo "2411"]

1.c4 Nf6 2.Nf3 c5 3.g3 b6 4.Bg2 Bb7 5.O-O e6 6.Nc3 Be7 7.d4 cxd4 8.Qxd4 d6
9.Rd1 a6 10.Ng5 Bxg2 11.Kxg2 Nc6 12.Qf4  1/2-1/2

[Event "6th Linklater Mem"]
[Site "San Francisco USA"]
[Date "2002.04.08"]
[Round "6"]
[White "Nambiar,V"]
[Black "Lobo,Ri"]
[Result "0-1"]
[WhiteElo "2203"]
[BlackElo "2282"]

1.Nf3 Nf6 2.c4 e6 3.g3 b6 4.Bg2 Bb7 5.O-O c5 6.b3 d6 7.Bb2 Be7 8.e3 Nbd7
9.Nc3 a6 10.Qe2 O-O 11.Rfd1 Re8 12.d4 cxd4 13.Nxd4 Bxg2 14.Kxg2 Qc7 15.e4 Bf8
16.Rac1 Qb7 17.f3 Rad8 18.Kg1 Ne5 19.Nc2 d5 20.Na4 Ng6 21.e5 Nd7 22.Bd4 dxc4
23.bxc4 Qc6 24.Nc3 Rc8 25.f4 Qxc4 26.Qxc4 Rxc4 27.Ne3 Rc6 28.Ne4 Rec8 29.Rxc6 Rxc6
30.Kf2 b5 31.Ke2 Ne7 32.g4 Ng6 33.Kf3 Be7 34.Bb2 Rc7 35.Nd6 Kf8 36.Ba3 f6
37.exf6 gxf6 38.f5 exf5 39.gxf5 Nge5+ 40.Ke2 Rc6 41.Rd2 Nb6 42.Ng2 Nbc4 43.Nxc4 Rxc4
44.Bxe7+ Kxe7 45.Ne3 Re4 46.Kf2 Rxe3 47.Kxe3 Nc4+ 48.Kd3 Nxd2 49.Kxd2 Kd6  0-1

[Event "10th Hotel Opatija GM"]
[Site "Kastav CRO"]
[Date "2002.04.10"]
[Round "1"]
[White "Vukic,M"]
[Black "Mandekic,I"]
[Result "1-0"]
[WhiteElo "2500"]
[BlackElo "2293"]

1.Nf3 c5 2.c4 Nf6 3.g3 b6 4.Bg2 Bb7 5.O-O e6 6.Nc3 Be7 7.d4 cxd4 8.Qxd4 d6
9.e4 a6 10.Qe3 Nbd7 11.Nd4 Qc7 12.b3 O-O 13.Bb2 Rfe8 14.Rfe1 Rad8 15.Re2 Bf8
16.Qd2 Qb8 17.Rd1 Qa8 18.Qe1 Qb8 19.Kh1 Qa8 20.f3 Qb8 21.Ba1 Qa8 22.Qd2 Qb8
23.Rde1 Ba8 24.Bb2 Bb7 25.Qe3 Bc8 26.Qf2 Nc5 27.Qe3 Ncd7 28.Rd2 Bb7 29.Qe2 Rc8
30.Nc2 Rcd8 31.Qf1 Qc7 32.Red1 Ne5 33.Ne3 Qb8 34.Qe2 Ned7 35.f4 Nc5 36.Ng4 Nxg4
37.Qxg4 Qa8 38.Qe2 d5 39.cxd5 exd5 40.e5 Ne4 41.Nxe4 dxe4 42.Rxd8 Rxd8 43.Rxd8 Qxd8
44.Bc3 Qd5 45.h4 h6 46.Kh2 Bc5 47.Qd2 Qc6 48.f5 Qc7 49.b4 Bf8 50.Qd4 Qc6
51.Kh3 h5 52.g4 hxg4+ 53.Kxg4 a5 54.a3 Qb5 55.e6 Qe2+ 56.Kg3 fxe6 57.fxe6 Bc8
58.Bxe4 Bxe6 59.Bf3 Qc2 60.Qxb6 Qg6+ 61.Kh2 axb4 62.Bxb4 Qf5 63.Kg1 Bxb4
64.axb4  1-0

[Event "III Open"]
[Site "Dos Hermanas ESP"]
[Date "2002.04.12"]
[Round "8"]
[White "Matamoros Franco,C"]
[Black "Rodriguez Lopez,R"]
[Result "1-0"]
[WhiteElo "2456"]
[BlackElo "2281"]

1.Nf3 Nf6 2.c4 e6 3.g3 b6 4.Bg2 Bb7 5.O-O c5 6.Nc3 a6 7.d4 cxd4 8.Qxd4 d6
9.Be3 Nbd7 10.Nd2 Bxg2 11.Kxg2 Be7 12.Nde4 Qc7 13.Rfd1 O-O 14.Nxd6 Bxd6 15.Qxd6 Qxc4
16.Rac1 Qc8 17.Nd5  1-0

[Event "9th Hotel Opatija IM"]
[Site "Kastav CRO"]
[Date "2002.04.13"]
[Round "4"]
[White "Kiss,At"]
[Black "Krkljes,S"]
[Result "1-0"]
[WhiteElo "2366"]
[BlackElo "2098"]

1.Nf3 Nf6 2.c4 c5 3.g3 b6 4.Bg2 Bb7 5.O-O e6 6.Nc3 Be7 7.Re1 O-O 8.e4 d6
9.d4 cxd4 10.Nxd4 Qc7 11.Ndb5 Qc6 12.f4 a6 13.Nd4 Qc7 14.Be3 Nbd7 15.Rc1 Rac8
16.Bf2 Qb8 17.b3 Rfd8 18.Qe2 Bf8 19.f5 exf5 20.Nxf5 Re8 21.Qd2 Qc7 22.Bd4 h6
23.h3 Ne5 24.Rcd1 Rcd8 25.Rf1 Nfd7 26.Ne3 Nc5 27.Ncd5 Bxd5 28.exd5 Qe7 29.Nf5 Qg5
30.Be3 Qg6 31.Qc2 Qh7 32.b4 Ncd7 33.Be4 g6 34.Nd4 Nxc4 35.Bf2 b5 36.Nc6 Rc8
37.g4 Nde5 38.Rfe1 h5 39.g5 h4 40.Qe2 Nxc6 41.dxc6 d5 42.Rxd5 Rxc6 43.Bxg6 Rxe2
44.Bxh7+ Kxh7 45.Rxe2 Bxb4 46.Bxh4 Nb6 47.Rf5 Kg7 48.Bf2 Rc1+ 49.Kg2 Nc4
50.h4 Nd2 51.h5 Ra1 52.Bd4+  1-0

[Event "1st It"]
[Site "Asuncion PAR"]
[Date "2002.04.15"]
[Round "7"]
[White "Peralta,E"]
[Black "Lipiniks,L"]
[Result "1-0"]
[WhiteElo "2302"]
[BlackElo "2180"]

1.Nf3 Nf6 2.c4 e6 3.g3 b6 4.Bg2 Bb7 5.O-O c5 6.Nc3 Be7 7.Re1 O-O 8.e4 d6
9.d4 cxd4 10.Nxd4 Qc8 11.b3 Nc6 12.Nc2 Rd8 13.Bb2 Ne8 14.Rc1 Bf6 15.Ne3 a6
16.Qd2 Qb8 17.Ng4 Be7 18.f4 b5 19.Nd5 exd5 20.exd5 Bf8 21.dxc6 Bxc6 22.Bxc6 Qb6+
23.Qd4 Qxc6 24.Nh6+ Kh8 25.Nxf7+ Kg8 26.Nxd8  1-0

[Event "10th Hotel Opatija GM"]
[Site "Kastav CRO"]
[Date "2002.04.18"]
[Round "11"]
[White "Tratar,M"]
[Black "Bistric,F"]
[Result "1/2-1/2"]
[WhiteElo "2424"]
[BlackElo "2486"]

1.Nf3 e6 2.c4 b6 3.g3 c5 4.Bg2 Bb7 5.O-O Nf6 6.Nc3 a6 7.Re1 Be7 8.e4 d6 9.d4 cxd4
10.Nxd4 Qc7 11.Be3 O-O 12.Rc1 Re8 13.f4 Bf8 14.f5 Nbd7 15.fxe6 fxe6 16.Bh3 Nc5
17.b4 Ncxe4 18.Nxe4 Nxe4 19.Nxe6 Qf7 20.Rf1 Nf6 21.Ng5 Qc7 22.Bd4 Qc6 23.Qf3 Qxf3
24.Nxf3 b5 25.Ng5 bxc4 26.Be6+ Kh8 27.Nf7+ Kg8 28.Nh6+ Kh8 29.Nf7+ Kg8 30.Nd8+ Kh8
31.Bf7  1/2-1/2

[Event "Croatian Cup"]
[Site "Pula CRO"]
[Date "2002.05.09"]
[Round "3"]
[White "Kurajica,B"]
[Black "Novak,D"]
[Result "1/2-1/2"]
[WhiteElo "2555"]
[BlackElo "2378"]

1.Nf3 Nf6 2.c4 c5 3.g3 b6 4.Bg2 Bb7 5.O-O e6 6.Nc3 Be7 7.Re1 O-O 8.e4 d6
9.d4 cxd4 10.Nxd4 Qc8 11.Be3 a6 12.Rc1 Nbd7 13.f4 Nc5 14.Bf2 Rd8 15.b4 Ncd7
16.f5 exf5 17.Nxf5 Bf8 18.Nd5 Re8 19.Bd4 Qd8 20.Qf3 Bxd5 21.exd5 g6 22.Rxe8 Qxe8
23.Ne3 Bg7 24.Re1 Ne5 25.Qd1 Nfd7 26.c5 bxc5 27.bxc5 dxc5 28.Ba1 Rd8 29.Nc4 Qe7
30.d6 Qe6 31.Bd5 Nf3+ 32.Bxf3 Qxc4 33.Bxg7 Kxg7 34.Bd5 Qc3 35.Re7 Ne5 36.Bg2 Qe3+
37.Kf1 c4 38.Qd5 Kf6 39.Qxf7+ Nxf7 40.Rxe3 Rxd6 41.Rf3+ Ke7 42.Re3+ Re6 43.Rc3 Ne5
44.Bd5 Rb6 45.Bxc4 Rb1+ 46.Kg2 Rb2+ 47.Kh3 Nxc4 48.Rxc4 Rxa2  1/2-1/2

[Event "Spring"]
[Site "Tel Aviv ISR"]
[Date "2002.05.20"]
[Round "1"]
[White "Kaganskiy,G"]
[Black "Rodshtein,M"]
[Result "1-0"]
[WhiteElo "2329"]
[BlackElo "2177"]

1.Nf3 Nf6 2.c4 b6 3.g3 Bb7 4.Bg2 c5 5.O-O e6 6.d4 cxd4 7.Nxd4 Qc8 8.Bxb7 Qxb7
9.Nc3 a6 10.b3 Be7 11.Bb2 O-O 12.Qd3 Nc6 13.e4 Ng4 14.Nxc6 Qxc6 15.Rad1 Rad8
16.Qe2 Nh6 17.Rd3 f6 18.Rfd1 Nf7 19.f4 Bc5+ 20.Kh1 b5 21.R3d2 Nd6 22.cxb5 axb5
23.Qg2 Nf7 24.Rc2 Qb7 25.e5 Qa6 26.Ne4 Ba3 27.Bxa3 Qxa3 28.exf6 g6 29.Rcd2 d5
30.Ng5 Qd6 31.h4 h6 32.Nf3 Nh8 33.Ne5 Kh7 34.Rc1 Rxf6 35.Rc6 Qe7 36.Rdc2 Nf7
37.Rc7 Qe8 38.Qe2 Kg8 39.R2c6 Nd6 40.Ng4 Qf8 41.Nxf6+ Qxf6 42.Qe5 Qxe5 43.fxe5 Nf5
44.Rxe6 d4 45.Rxg6+ Kh8 46.g4 Ng3+ 47.Kg2 d3 48.Rxh6+ Kg8 49.Rc1 Ne2 50.Rd1 Nc3
51.Rd6  1-0

[Event "Guillermo Garcia TORRE"]
[Site "Santa Clara CUB"]
[Date "2002.05.27"]
[Round "8"]
[White "Vassallo,M"]
[Black "Garza Marco,S"]
[Result "1/2-1/2"]
[WhiteElo "2438"]
[BlackElo "2417"]

1.Nf3 Nf6 2.c4 e6 3.g3 b6 4.Bg2 Bb7 5.O-O c5 6.Nc3 a6 7.d4 cxd4 8.Qxd4 d6
9.Rd1 Be7 10.b3 Nbd7 11.e4 Qc8 12.Bb2 O-O 13.Rac1 Rd8 14.Qe3 Qc7 15.Nd4  1/2-1/2

[Event "Open"]
[Site "Velika Gorica CRO"]
[Date "2002.06.24"]
[Round "3"]
[White "Vitaljic,N"]
[Black "Kristovic,M"]
[Result "0-1"]
[WhiteElo "2165"]
[BlackElo "2328"]

1.Nf3 Nf6 2.g3 b6 3.Bg2 Bb7 4.O-O e6 5.c4 c5 6.d4 cxd4 7.Nxd4 Bxg2 8.Kxg2 h5
9.h4 Qc8 10.b3 Nc6 11.Nf3 Qb7 12.Bb2 Ng4 13.e4 f6 14.Qe2 Bc5 15.Nc3 O-O 16.Na4 d6
17.Nxc5 bxc5 18.Nh2 Nxh2 19.Kxh2 Qf7 20.f4 e5 21.fxe5 dxe5 22.Rf5 g6 23.Rf2 Nd4
24.Bxd4 exd4 25.g4 Rae8 26.gxh5 Qc7+ 27.Kg1 f5 28.Raf1 Rf6 29.hxg6 Rxe4 30.Qxe4 fxe4
31.Rxf6 Qg3+ 32.Kh1 Qh3+ 33.Kg1 Qg3+ 34.Kh1 Qxh4+ 35.Kg2 Qg5+ 36.Kh1 e3 37.Rf8+ Kg7
38.R1f7+ Kxg6 39.Rg8+ Kxf7 40.Rxg5 e2 41.Re5 d3 42.Kg2 d2 43.Kf2 d1=Q 44.Rxe2 a5
45.Ke3 Qd4+ 46.Kf3 a4 47.Rf2 Kf6 48.Kg2+ Kg5 49.Rf3 Kg4 50.Rg3+ Kf4 51.Kh3 Qf2
52.Rg8 Qf3+ 53.Kh2 Qh5+ 54.Kg1 axb3 55.axb3 Qd1+ 56.Kf2 Qc2+ 57.Ke1 Qxb3
58.Rf8+ Ke3 59.Re8+ Kd3  0-1

[Event "Masters"]
[Site "Grenoble FRA"]
[Date "2002.06.26"]
[Round "5"]
[White "Foisor,O"]
[Black "Aguettaz,M"]
[Result "1-0"]
[WhiteElo "2431"]
[BlackElo "2206"]

1.c4 Nf6 2.Nf3 c5 3.g3 b6 4.Bg2 Bb7 5.O-O e6 6.Nc3 d6 7.b3 Nbd7 8.Bb2 Be7
9.e3 O-O 10.d4 cxd4 11.Nxd4 Bxg2 12.Kxg2 Qc7 13.f4 a6 14.Qf3 Rac8 15.Rad1 g6
16.g4 Nc5 17.g5 Nh5 18.Rd2 Qb7 19.Qxb7 Nxb7 20.Na4 Bd8 21.Rfd1 Nc5 22.Nxc5 bxc5
23.Ne2 Be7 24.Ng3 Nxg3 25.hxg3 Rcd8 26.Bf6  1-0

[Event "Match Olympiad Hopes Schev"]
[Site "Belgrade YUG"]
[Date "2002.06.29"]
[Round "4"]
[White "Damljanovic,B"]
[Black "Zivanic,M"]
[Result "1-0"]
[WhiteElo "2548"]
[BlackElo "2450"]

1.c4 c5 2.Nf3 Nf6 3.g3 b6 4.Bg2 Bb7 5.O-O e6 6.Nc3 Be7 7.Re1 a6 8.e4 d6 9.d4 cxd4
10.Nxd4 Qc7 11.Be3 Nbd7 12.Rc1 O-O 13.f4 h5 14.h3 Rfe8 15.Bf2 Bf8 16.Nf3 Rac8
17.Nd2 g6 18.Qe2 Bg7 19.e5 dxe5 20.fxe5 Nh7 21.Bxb7 Qxb7 22.Nf3 Qc6 23.b3 Red8
24.h4 Nhf8 25.Bd4 Qc7 26.Kg2 Nb8 27.Qe3 Nfd7 28.Na4 Nc5 29.Bxc5 bxc5 30.Rcd1 Nd7
31.Re2 Bf8 32.Red2 Nb8 33.Nc3 Nc6 34.Ne4 Rxd2+ 35.Rxd2 Rd8 36.Nf6+ Kh8 37.Rxd8 Qxd8
38.Ng5 Qc7 39.Qe4 Nxe5 40.Ne8 Qc6 41.Nxf7+ Kg8 42.Qxc6 Nxc6 43.Ng5 e5 44.Nf6+ Kg7
45.Nd7 Be7 46.Nxc5 Nb4 47.a3 Nc2 48.Nxa6 Bxa3 49.c5 Kf6 50.c6 Ke7 51.c7 Kd7
52.Nf7 e4 53.Ne5+ Kc8 54.Nc4  1-0

[Event "Open"]
[Site "Velika Gorica CRO"]
[Date "2002.06.29"]
[Round "8"]
[White "Brajdic,D"]
[Black "Bozinovic,Bog"]
[Result "1/2-1/2"]
[WhiteElo "2193"]
[BlackElo "2321"]

1.Nf3 c5 2.g3 b6 3.Bg2 Bb7 4.O-O Nf6 5.c4 e6 6.Nc3 a6 7.d4 cxd4 8.Qxd4 d6
9.e4 Nbd7 10.Rd1 Qc7 11.b3 Be7 12.Ba3 Nc5 13.e5 dxe5 14.Qxe5 Rc8 15.Qxc7 Rxc7
16.Bxc5 Bxc5 17.Na4 Ke7 18.Nxc5 Rxc5 19.a4 Bxf3 20.Bxf3 a5 21.Rd4 Rd8 22.Rxd8 Kxd8
23.Kf1 Nd7 24.Rd1 Ke7 25.Be4 Rc7 26.Ke2 Nc5 27.Bc2 Rd7 28.Rxd7+ Kxd7 29.Kd2 f5
30.Kc3 Na6 31.f4 Kd6 32.Bd1 e5 33.fxe5+ Kxe5 34.Bf3 g5 35.Bb7 Nc5 36.Bc6 Kd6
37.Bf3 Na6 38.Kd4 Nb4 39.Bb7 Nc6+ 40.Bxc6 Kxc6 41.Ke5 f4 42.gxf4 gxf4 43.Kxf4 Kc5
44.Ke4 Kb4 45.Kd4 Kxb3 46.c5 bxc5+ 47.Kxc5 Kxa4 48.Kc4 h6 49.h4 h5 50.Kc3 Kb5
51.Kb3 Kc5 52.Ka4 Kd5 53.Kxa5 Ke5 54.Kb4 Kf4 55.Kc3 Kg4 56.Kd2 Kxh4 57.Ke2 Kg3
58.Kf1 Kh2 59.Kf2  1/2-1/2

[Event "IV Shakkinet A"]
[Site "Helsinki FIN"]
[Date "2002.07.02"]
[Round "9"]
[White "Hjelm,N"]
[Black "Nyysti,S"]
[Result "1/2-1/2"]
[WhiteElo "2313"]
[BlackElo "2242"]

1.Nf3 Nf6 2.g3 b6 3.Bg2 Bb7 4.O-O c5 5.c4 e6 6.Nc3 a6 7.d4 cxd4 8.Qxd4 d6
9.Bg5 Nbd7 10.Rad1 Rc8 11.Nd2 Bxg2 12.Kxg2 Rc6 13.Nde4 Be7 14.Nxf6+ Bxf6
15.Bxf6 Nxf6 16.Ne4 Nxe4 17.Qxe4 Qc7 18.b3 O-O 19.a4 Rb8 20.Rd4 b5 21.axb5 axb5
22.Qd3 bxc4 23.bxc4 g6 24.Rd1 Rbb6 25.c5 Rxc5 26.Rxd6 Rxd6  1/2-1/2

[Event "Open Championships"]
[Site "Paris FRA"]
[Date "2002.07.06"]
[Round "1"]
[White "Salaun,Y"]
[Black "Primel,D"]
[Result "1/2-1/2"]
[WhiteElo "2401"]
[BlackElo "2129"]

1.Nf3 Nf6 2.c4 e6 3.g3 b6 4.Bg2 Bb7 5.O-O c5 6.Nc3 Be7 7.b3 d6 8.d4 cxd4
9.Qxd4 a6 10.Ba3 Nc6 11.Qf4 d5 12.cxd5 Bxa3 13.dxc6 Bxc6 14.Rfd1 Qe7 15.Na4 Qb7
16.Qd4 Rb8 17.Nb2 O-O 18.Nd3 Rfd8 19.Qh4 Be7 20.Rac1 Rbc8 21.Qh3 Be4 22.Nfe5 Bxg2
23.Qxg2 Qxg2+ 24.Kxg2 Ba3 25.Rxc8 Rxc8 26.Nc4 Bf8 27.Nxb6 Rc2 28.Kf3 Rxa2
29.Ne5 g6 30.Nbd7 Nxd7 31.Rxd7 f6 32.Nc4 e5 33.Rb7 h5 34.Nb6 e4+ 35.Kxe4 Rxe2+
36.Kf3 Rd2 37.Nd7 Be7 38.Ke3 Rc2 39.h3 Kf7 40.g4 Rc3+ 41.Ke4 Rxh3 42.g5 fxg5
43.Ne5+ Ke8 44.Kd5 Ba3 45.Rb8+  1/2-1/2

[Event "XX Open"]
[Site "Andorra la Vella AND"]
[Date "2002.07.09"]
[Round "4"]
[White "Garcia,Rau"]
[Black "Marin,M"]
[Result "0-1"]
[WhiteElo "2269"]
[BlackElo "2548"]

1.Nf3 Nf6 2.c4 c5 3.g3 b6 4.Bg2 Bb7 5.O-O e6 6.Nc3 d6 7.Re1 Be7 8.e4 Nbd7
9.d4 cxd4 10.Nxd4 Qc7 11.Be3 Rc8 12.Rc1 Qb8 13.b3 Nc5 14.f3 a6 15.Bf2 O-O
16.f4 Qa8 17.Qe2 Rfe8 18.g4 g6 19.f5 exf5 20.gxf5 Bf8 21.fxg6 hxg6 22.Nd5 Bxd5
23.cxd5 Nfxe4 24.Bxe4 Rxe4 25.Qf3 Rxe1+ 26.Rxe1 Re8 27.Rxe8 Qxe8 28.Nc6 b5
29.Kg2 Ne4 30.Bd4 Bg7 31.Bxg7 Kxg7 32.Qd3 Nf6 33.a4 bxa4 34.bxa4 Qc8 35.h3 Qb7
36.Qd4 Qb3 37.Ne7 Qc2+ 38.Kf3 Qb1 39.Kg2 Qe1 40.Nc6 Qe2+ 41.Kg1 Qf3 42.Nb4 Qg3+
43.Kf1 Qxh3+ 44.Ke2 Qg2+  0-1

[Event "Dutch Open"]
[Site "Dieren NED"]
[Date "2002.07.13"]
[Round "5"]
[White "Hartoch,R"]
[Black "Dvoirys,S"]
[Result "1/2-1/2"]
[WhiteElo "2314"]
[BlackElo "2574"]

1.Nf3 c5 2.c4 Nf6 3.g3 b6 4.Bg2 Bb7 5.O-O e6 6.b3 Be7 7.Bb2 O-O 8.Nc3 d5
9.e3 Nc6 10.cxd5 exd5 11.d4 Re8 12.Re1 Bf8 13.Rc1 Rc8 14.Bh3 Rb8 15.Bg2 Ba6
16.a3 Qd7 17.Ne2 cxd4 18.Nexd4  1/2-1/2

[Event "US Junior"]
[Site "Dallas USA"]
[Date "2002.07.18"]
[Round "2"]
[White "Ritvin,S"]
[Black "Pixton,A"]
[Result "1/2-1/2"]
[WhiteElo "2279"]
[BlackElo "2432"]

1.Nf3 c5 2.c4 b6 3.g3 Bb7 4.Bg2 Nf6 5.O-O e6 6.Nc3 a6 7.Re1 d6 8.e4 Nbd7
9.d4 cxd4 10.Nxd4 Qc7 11.Be3 Be7 12.f4 h5 13.h3 g6 14.Rc1 Rc8 15.f5 e5 16.Nd5 Qd8
17.Nb3 Nxd5 18.cxd5 Bg5 19.Bxg5 Qxg5 20.Rxc8+ Bxc8 21.Qc1 Qxc1 22.Rxc1 Ke7
23.fxg6 fxg6 24.Rc7 g5 25.Nd2 b5 26.Nb3 Kd8 27.Rc6 Rh6 28.Na5 Nb8 29.Rc2 Rf6
30.b3 Rf7 31.Nc6+  1/2-1/2

[Event "Open Aegean Ch"]
[Site "Ikaros GRE"]
[Date "2002.07.20"]
[Round "8"]
[White "Nikolaou,G"]
[Black "Hellsten,J"]
[Result "0-1"]
[WhiteElo "2209"]
[BlackElo "2477"]

1.Nf3 Nf6 2.c4 e6 3.g3 b6 4.Bg2 Bb7 5.O-O c5 6.Nc3 Be7 7.d4 cxd4 8.Qxd4 d6
9.b3 a6 10.Bb2 Nbd7 11.Rfe1 Qc7 12.e4 O-O 13.Qd2 Rfe8 14.h3 Rad8 15.Rac1 Qb8
16.Nd4 Bf8 17.Re2 Qa8 18.Rce1 Rc8 19.Kh2 Red8 20.f4 g6 21.g4 Bg7 22.f5 exf5
23.gxf5 Re8 24.Nd5 Qb8 25.Nf3 b5 26.Qg5 Bxd5 27.exd5 Rxe2 28.Rxe2 bxc4 29.fxg6 hxg6
30.bxc4 Rxc4 31.Nd4 Nh7 32.Qd2 Be5+ 33.Kh1 Qb4 34.Nc6 Qxd2 35.Rxd2 Bxb2 36.Rxb2 Nhf6
37.Kh2 Kg7 38.Bf3 Nc5 39.Be2 Rc3 40.Kg2 Nxd5 41.Nb4 Nf4+ 42.Kh2 a5  0-1

[Event "KB Czech Open"]
[Site "Pardubice CZE"]
[Date "2002.07.20"]
[Round "2"]
[White "Teske,H"]
[Black "Janz,F"]
[Result "1-0"]
[WhiteElo "2529"]
[BlackElo "2369"]

1.Nf3 c5 2.c4 Nf6 3.g3 b6 4.Bg2 Bb7 5.O-O e6 6.Nc3 d6 7.d4 cxd4 8.Qxd4 a6
9.b3 Nbd7 10.Bb2 Be7 11.Rad1 Qc7 12.e4 O-O 13.Qe3 Rfe8 14.Nd4 Bf8 15.Rfe1 Rad8
16.h3 Qb8 17.Kh2 h5 18.f4 h4 19.gxh4 e5 20.fxe5 Rxe5 21.Kh1 Rde8 22.Nf3 Rh5
23.Qf4 b5 24.Nd5 Rh6 25.Bxf6 Nxf6 26.Qxh6 gxh6 27.Nxf6+ Kh8 28.Nxe8 Qxe8
29.cxb5 Qxb5 30.Rd4 Qa5 31.Re2 Qc3 32.Rc4 Qd3 33.Ng1 Kg8 34.Rc7 Qb5 35.Rf2 Bc6
36.Rcxf7 Bg7 37.Rc7 Bd4 38.Rc2 Bxg1 39.Rc8+ Kf7 40.Kxg1 Bd7 41.Rf2+ Kg6 42.Rg8+ Kh5
43.Rf4 Qc5+ 44.Kh2 Qc2 45.Kg3  1-0

[Event "6th Open"]
[Site "Korinthos GRE"]
[Date "2002.07.29"]
[Round "7"]
[White "Campanile,A"]
[Black "Perunovic,Mio"]
[Result "0-1"]
[WhiteElo "2140"]
[BlackElo "2334"]

1.c4 e6 2.Nf3 Nf6 3.g3 b6 4.Bg2 Bb7 5.O-O c5 6.d3 Be7 7.b3 O-O 8.Nc3 d6 9.Bb2 Nbd7
10.a4 Qc7 11.Ra2 Bc6 12.Qd2 Qb7 13.Rb1 d5 14.Nd1 d4 15.Ne1 Bxg2 16.Nxg2 e5
17.e3 Qf3 18.Ne1 Qh5 19.f3 h6 20.Qe2 Rae8 21.a5 Bd8 22.axb6 axb6 23.Bc1 dxe3
24.Nxe3 Nb8 25.b4 cxb4 26.Rxb4 Nc6 27.Rb1 Nd4 28.Qg2 Nd7 29.Ba3 Nc5 30.Bxc5 bxc5
31.Nd5 f5 32.Rb7 e4 33.Raa7 Ne6 34.Nf4 Qg5 35.Nxe6 Rxe6 36.dxe4 Qe3+ 37.Qf2 Qxf2+
38.Kxf2 Bf6 39.Nc2 fxe4 40.f4 Rd8 41.Ne3 Rd2+ 42.Ke1 Rb2 43.Nd5 Bd4 44.Rxb2 Bxb2
45.Ra8+ Kh7 46.f5 Re5 47.g4 e3 48.Ke2 Re4 49.Ra2 Rxg4 50.Nxe3 Rh4 51.Nf1 Bf6
52.Rd2 Be5 53.Ke3 Kg8 54.Ng3 Kf7 55.Ra2 Rxc4 56.Ne4 Rb4 57.Ra7+ Kg8 58.Ra8+ Kh7
59.h4 Rb3+ 60.Ke2 Bd4 61.Nd6 Re3+ 62.Kd2 Re7 63.Rc8 Bf6 64.Ne8 Bxh4 65.f6 gxf6
66.Rc7 Rxc7 67.Nxc7 Bf2  0-1

[Event "ch-IRI"]
[Site "Tehran IRI"]
[Date "2002.07.30"]
[Round "4"]
[White "Mohajerin,P"]
[Black "Faryad,H"]
[Result "1-0"]
[WhiteElo "2291"]
[BlackElo "2224"]

1.Nf3 c5 2.g3 b6 3.Bg2 Bb7 4.c4 Nf6 5.O-O e6 6.Nc3 Be7 7.d4 cxd4 8.Qxd4 d6
9.b3 O-O 10.Bb2 a6 11.Rfd1 Nbd7 12.Rac1 Re8 13.Ng5 Bxg2 14.Kxg2 b5 15.Nge4 Qb8
16.Nxd6 Bxd6 17.Qxd6 bxc4 18.b4 Qb7+ 19.f3 Rac8 20.a3 h6 21.Ne4 Nd5 22.g4 Ne3+
23.Kh1 Nxd1 24.Rxd1 Rcd8 25.Qf4 Nf8 26.Rxd8 Rxd8 27.Nf6+ Kh8 28.Nh5 f6 29.Nxg7 Rd1+
30.Kg2 e5 31.Qxh6+ Nh7 32.Nh5 Qa7 33.Kh3 Qe7 34.Kg2 Rb1 35.Bc3 Rb3 36.Be1 Qf8
37.Qg6 Qg8 38.Qf5 Re3 39.Kf2 Rxa3 40.Nxf6 Nxf6 41.Qxf6+ Qg7 42.Qd8+ Kh7 43.h4 Qa7+
44.Kf1 Ra1 45.Qd5 Qc7 46.Kf2 Qa7+ 47.Kf1 Qc7 48.Kf2 Kg7 49.Bc3 Qa7+ 50.e3 Ra2+
51.Kg3 Qxe3 52.Bxe5+ Kf8 53.Qd6+ Kf7 54.Qf6+ Ke8 55.Qe6+ Kf8 56.Bd6+  1-0

[Event "ch-SLO w"]
[Site "Dobrna SLO"]
[Date "2002.08.05"]
[Round "3"]
[White "Srebrnic,A"]
[Black "Stevanec,L"]
[Result "1-0"]
[WhiteElo "2195"]
[BlackElo "2123"]

1.Nf3 Nf6 2.c4 e6 3.g3 b6 4.Bg2 Bb7 5.O-O c5 6.b3 Be7 7.Bb2 d6 8.e3 O-O 9.Nc3 a6
10.Qe2 Nbd7 11.Ne1 Bxg2 12.Nxg2 Re8 13.g4 h6 14.f4 Nh7 15.Rae1 Qb8 16.h4 b5
17.d3 Nb6 18.g5 hxg5 19.hxg5 g6 20.Kf2 e5 21.Ne4 Ra7 22.Rh1 f5 23.gxf6 Nxf6
24.Nh4 Nxe4+ 25.dxe4 Bxh4+ 26.Rxh4 bxc4 27.Rg1 Rg7 28.bxc4 Qb7 29.f5 Qf7
30.Rhg4 Re6 31.Bc3 Kf8 32.Ba5 Nd7 33.Re1 Rf6 34.Bd8 Ke8 35.Bxf6 Nxf6 36.Rxg6 Rh7
37.Qb2 Nd7 38.Qb7 Kd8 39.Rg8+ Nf8 40.Qa8+ Kd7 41.Qb7+ Ke8 42.Qc6+ Kd8 43.Rxf8+ Qxf8
44.Qa8+ Ke7 45.Qb7+  1-0

[Event "6th HZ Open"]
[Site "Vlissingen NED"]
[Date "2002.08.05"]
[Round "3"]
[White "Tiggelman,R"]
[Black "Kasparov,S"]
[Result "0-1"]
[WhiteElo "2165"]
[BlackElo "2457"]

1.Nf3 c5 2.c4 Nf6 3.g3 b6 4.Bg2 Bb7 5.O-O e6 6.b3 Be7 7.Bb2 O-O 8.e3 d6 9.Qe2 Nbd7
10.Rd1 a6 11.d4 Qc7 12.Nc3 Ne4 13.Nxe4 Bxe4 14.Rd2 Qb7 15.Rad1 Rfd8 16.Ne1 Bxg2
17.Nxg2 cxd4 18.Bxd4 b5 19.Qg4 e5 20.Ba1 Nf6 21.Qe2 bxc4 22.Qxc4 Rac8 23.Qe2 Rd7
24.f3 Qa7 25.Bb2 a5 26.Ne1 a4 27.bxa4 Qxa4 28.Kg2 Rdc7 29.Qd3 h6 30.Qa3 Qb5
31.Qd3 Qb7 32.e4 Qa8 33.Nc2 Qxa2 34.Ne3 Qe6 35.Re1 Bf8 36.Ree2 Rb7 37.Rc2 Rcb8
38.Nc4 Rb3 39.Qd2 Nh7 40.Re3 Ng5 41.g4 Qf6 42.Rcc3 Rxc3 43.Rxc3 Ne6 44.Ne3 Nf4+
45.Kg3 d5 46.Nxd5 Nxd5 47.exd5 Qf4+  0-1

[Event "Valoz Cup"]
[Site "Olomouc CZE"]
[Date "2002.08.06"]
[Round "7"]
[White "Seel,C"]
[Black "Laznicka,V"]
[Result "1/2-1/2"]
[WhiteElo "2350"]
[BlackElo "2219"]

1.Nf3 Nf6 2.c4 e6 3.g3 b6 4.Bg2 Bb7 5.O-O c5 6.Nc3 d6 7.Re1 Be7 8.e4 O-O
9.d4 cxd4 10.Nxd4 Qc8 11.Ndb5 Rd8 12.g4 a6 13.Nd4 Nc6 14.g5  1/2-1/2

[Event "6th HZ Open"]
[Site "Vlissingen NED"]
[Date "2002.08.09"]
[Round "7"]
[White "Van Beek,A"]
[Black "Tagnon,N"]
[Result "1-0"]
[WhiteElo "2259"]
[BlackElo "2072"]

1.Nf3 c5 2.c4 b6 3.g3 Bb7 4.Bg2 e6 5.O-O Nf6 6.Nc3 a6 7.d4 cxd4 8.Qxd4 d6
9.Rd1 Nbd7 10.Ng5 Bxg2 11.Kxg2 Qc7 12.Nge4 Nxe4 13.Nxe4 Ne5 14.b3 Rd8 15.Ba3 d5
16.Bxf8 Kxf8 17.Rac1 Nc6 18.cxd5 Rxd5 19.Qc4 Rxd1 20.Rxd1 Qb7 21.Rd6 Na5
22.Qb4 Ke8 23.Rxb6 Qa8 24.Rb8+  1-0